<?xml version="1.0" encoding="UTF-8"?>
<record
    xmlns:xsi="http://www.w3.org/2001/XMLSchema-instance"
    xsi:schemaLocation="http://www.loc.gov/MARC21/slim http://www.loc.gov/standards/marcxml/schema/MARC21slim.xsd"
    xmlns="http://www.loc.gov/MARC21/slim">

  <leader>03122nam a2200313   4500</leader>
  <controlfield tag="005">20241105073037.0</controlfield>
  <controlfield tag="008">eng </controlfield>
  <datafield tag="020" ind1=" " ind2=" ">
    <subfield code="a">9780143539070</subfield>
  </datafield>
  <datafield tag="040" ind1=" " ind2=" ">
    <subfield code="a">RDA</subfield>
    <subfield code="b">eng</subfield>
    <subfield code="c">RDA</subfield>
  </datafield>
  <datafield tag="082" ind1=" " ind2=" ">
    <subfield code="a">325.32 </subfield>
  </datafield>
  <datafield tag="100" ind1="1" ind2=" ">
    <subfield code="a">Terreblanche, Sampie,</subfield>
    <subfield code="e">author.</subfield>
    <subfield code="9">190414</subfield>
  </datafield>
  <datafield tag="245" ind1="1" ind2="0">
    <subfield code="a">Western empires, Christianity, and the inequalities between the West and the Rest, 1500-2010 /</subfield>
    <subfield code="c">Sampie Terreblanche.</subfield>
  </datafield>
  <datafield tag="264" ind1=" " ind2="1">
    <subfield code="a">Johannesburg :</subfield>
    <subfield code="b">Penguin Books,</subfield>
    <subfield code="c">2014.</subfield>
  </datafield>
  <datafield tag="300" ind1=" " ind2=" ">
    <subfield code="a">xiv, 583 pages :</subfield>
    <subfield code="b">illustrations ;</subfield>
    <subfield code="c">23 cm</subfield>
  </datafield>
  <datafield tag="336" ind1=" " ind2=" ">
    <subfield code="a">text</subfield>
    <subfield code="b">txt</subfield>
    <subfield code="2">rdacontent</subfield>
  </datafield>
  <datafield tag="337" ind1=" " ind2=" ">
    <subfield code="a">unmediated</subfield>
    <subfield code="b">n</subfield>
    <subfield code="2">rdamedia</subfield>
  </datafield>
  <datafield tag="338" ind1=" " ind2=" ">
    <subfield code="a">volume</subfield>
    <subfield code="b">nc</subfield>
    <subfield code="2">rdacarrier</subfield>
  </datafield>
  <datafield tag="504" ind1=" " ind2=" ">
    <subfield code="a">Includes bibliographical references (pages 553-562)and indexes.</subfield>
  </datafield>
  <datafield tag="505" ind1="0" ind2=" ">
    <subfield code="a">Part I. Western Maritime empires divide the world into a rich Western world and a poor Restern world -- Reasons for the rise of the Western world in the centuries after 1500 -- Power configurations and the periodisation of Western empires (1500-2010) -- Profiling Western marine empires and understanding their unique characteristics -- Western empires and the dynamics of social and imperial power over the past 500 years -- Western industrialisation and the Great Divergence between the West and the Rest (1820-1950) -- Part II. The first pattern of Western Empires: empires of plunderers, slave traders and settlement colonialists 1530- 1830 -- The first period of deep systemic chaos:  the Church in retreat,  the yoke of feudalism breaks,  two Europes --  The systemic period of the Iberian and the Catholic empires 1530- 1630  --  The systemic period of the Dutch Empire 1648-  1713 --  The systemic period of the first British Empire 1713- 1883.</subfield>
  </datafield>
  <datafield tag="505" ind1="0" ind2=" ">
    <subfield code="a">Part 111. The second pattern of Western empires: empires of exploitation and labour repression -- The second period of deep systemic chaos: revolutionary upheavals against the anci&#xE9;n regime (1775-1820) -- The systemic period of the second British Empire (1846-1914/31) -- The origins of the third world during the second pattern of Western empires (1820-1945) -- Part 1V. The third pattern of Western empires: the pernicious draining of the Restern world by multiple American-led empires after the Second World War -- The third period of deep systemic chaos during the Thirty-One Years War (1914-1945) -- Anti-systemic revolts against Western empires and decolonisation in the twentieth century -- The multiple American post-colonial empires that inconspicuously disrupted, exploited and drained the Rest of the world after the Second World War -- Part V. Capitalism and growing domestic inequalities during the past 500 years -- Successive politico-economic systems and the almost uninterrupted dominanc of 'capitalisms' over 'democracies' since 1500.</subfield>
  </datafield>
  <datafield tag="650" ind1=" " ind2="0">
    <subfield code="a">Capitalism</subfield>
    <subfield code="x">History.</subfield>
    <subfield code="9">190415</subfield>
  </datafield>
  <datafield tag="650" ind1=" " ind2="0">
    <subfield code="a">Civilization, Western.</subfield>
    <subfield code="9">190416</subfield>
  </datafield>
  <datafield tag="650" ind1=" " ind2="0">
    <subfield code="a">International finance</subfield>
    <subfield code="x">History.</subfield>
    <subfield code="9">190417</subfield>
  </datafield>
  <datafield tag="650" ind1=" " ind2="0">
    <subfield code="a">Financial institutions, International</subfield>
    <subfield code="x">History.</subfield>
    <subfield code="9">190418</subfield>
  </datafield>
  <datafield tag="650" ind1=" " ind2="0">
    <subfield code="a">Equality</subfield>
    <subfield code="x">History.</subfield>
    <subfield code="9">190419</subfield>
  </datafield>
  <datafield tag="650" ind1=" " ind2="0">
    <subfield code="a">Imperialism</subfield>
    <subfield code="x">Religious aspects.</subfield>
    <subfield code="9">190420</subfield>
  </datafield>
  <datafield tag="650" ind1=" " ind2="0">
    <subfield code="a">Church history.</subfield>
    <subfield code="9">190421</subfield>
  </datafield>
  <datafield tag="942" ind1=" " ind2=" ">
    <subfield code="2">ddc</subfield>
    <subfield code="c">BOOK</subfield>
    <subfield code="k">325.32 </subfield>
    <subfield code="m">TERR</subfield>
    <subfield code="w">496</subfield>
    <subfield code="x">Chrisna Calitz</subfield>
    <subfield code="y">496</subfield>
    <subfield code="z">Chrisna Calitz</subfield>
  </datafield>
  <datafield tag="999" ind1=" " ind2=" ">
    <subfield code="c">769894</subfield>
    <subfield code="d">769893</subfield>
  </datafield>
  <datafield tag="952" ind1=" " ind2=" ">
    <subfield code="0">0</subfield>
    <subfield code="1">0</subfield>
    <subfield code="2">ddc</subfield>
    <subfield code="4">0</subfield>
    <subfield code="7">0</subfield>
    <subfield code="a">ERMELL</subfield>
    <subfield code="b">ERMELL</subfield>
    <subfield code="c">Non_Fiction</subfield>
    <subfield code="d">2024-11-05</subfield>
    <subfield code="g">355.94</subfield>
    <subfield code="l">0</subfield>
    <subfield code="o">325.32 TERR</subfield>
    <subfield code="p">3322830154598</subfield>
    <subfield code="r">2024-11-05</subfield>
    <subfield code="w">2024-11-05</subfield>
    <subfield code="y">BOOK</subfield>
  </datafield>
  <datafield tag="952" ind1=" " ind2=" ">
    <subfield code="0">0</subfield>
    <subfield code="1">0</subfield>
    <subfield code="2">ddc</subfield>
    <subfield code="4">0</subfield>
    <subfield code="7">0</subfield>
    <subfield code="8">300</subfield>
    <subfield code="a">THULL</subfield>
    <subfield code="b">THULL</subfield>
    <subfield code="c">GEN</subfield>
    <subfield code="d">2025-09-17</subfield>
    <subfield code="g">355.94</subfield>
    <subfield code="l">0</subfield>
    <subfield code="o">325.32 </subfield>
    <subfield code="p">3300610005128</subfield>
    <subfield code="r">2025-09-17</subfield>
    <subfield code="w">2025-09-17</subfield>
    <subfield code="y">BOOK</subfield>
  </datafield>
</record>
